| 000 | 00974cam a2200301 4500 | ||
|---|---|---|---|
| 001 | 866978 | ||
| 003 | ARRUPE | ||
| 005 | 20160909104545.0 | ||
| 008 | 721212s1967 enk b 000 0 eng | ||
| 010 | _a 67106639 | ||
| 015 | _aB67-17160 | ||
| 035 | _a(OCoLC)ocm00512834 | ||
| 035 | _a(NNC)866978 | ||
| 040 |
_aDLC _cWAL _dSER _dm/c _dZCU |
||
| 041 | 1 |
_aeng _hpol |
|
| 050 | 0 |
_aBC135 _b.M18 |
|
| 082 | _a164 | ||
| 100 | 1 |
_aMcCall, Storrs, _ecompiler. _925611 |
|
| 245 | 1 | 0 |
_aPolish logic, 1920-1939 _cpapers by Ajdukiewicz [and others]; with an introduction by Tadeusz KotarbiĆski, edited by Storrs McCall, translated by B. Gruchman [and others] |
| 260 |
_aOxford, _bClarendon P., _c1967. |
||
| 300 |
_a[2] viii, 406 p. _c23 cm. |
||
| 504 | _aBibliography: p. [398]-406. | ||
| 650 | 0 |
_aLogic, Symbolic and mathematical. _925612 |
|
| 650 | 0 |
_aLogicians _zPoland. _925613 |
|
| 700 | 1 |
_aAjdukiewicz, Kazimierz. _925614 |
|
| 942 |
_2lcc _cMONOGRAPH |
||
| 999 |
_c125191 _d125191 |
||